Enchanted jewelry of Egypt : the traditional art and craft /

محفوظ في:

المؤلف الرئيسي: Fahmy, Azza.

التنسيق: كتاب

اللغة: English
Arabic

منشور في: Cairo ; New York : American University in Cairo Press, c2007.

الموضوعات:

الوسوم: إضافة وسم

لا توجد وسوم, كن أول من يضع وسما على هذه التسجيلة!

رقم الطلب: ( F )NK7388 .A1 F3413 2007

LEADER 01222cam a2200337 a 4500
001 ocn140093229
003 OSt
005 20240219102248.0
008 121014s2007 ua ab b 001 0 eng c
999 |c 56827  |d 56827 
015 |a GBA8B3274  |2 bnb 
016 7 |a 014485570  |2 Uk 
020 |a 9774249011 
020 |a 9789774249013 
035 |a (OCoLC)140093229 
040 |c ARCE Library 
041 1 |a eng  |h ara 
042 |a pcc 
043 |a f-ua--- 
050 4 |a ( F )NK7388 .A1 F3413 2007 
100 1 |a Fahmy, Azza. 
245 1 0 |a Enchanted jewelry of Egypt :   |b the traditional art and craft /   |c Azza Fahmy ; [translated from the Arabic by Nihad Salem]. 
260 |a Cairo ;  |a New York :  |b American University in Cairo Press,  |c c2007. 
300 |a 215 p. :  |b ill. (chiefly col.), col. map ;  |c 34 cm. 
504 |a Includes bibliographical references (p. 206) and index. 
505 0 |a Peasant and sha'bi jewelry -- Desert jewelry -- The western desert -- Sinai: land of turquoise -- The eastern desert -- Nubian jewelry -- Jewelry for special purposes -- Egyptian hallmarks. 
650 0 |a Jewelry  |z Egypt. 
650 0 |a Jewelry making  |z Egypt. 
650 0 |a Ethnic jewelry  |z Egypt. 
901 |a reviewed 
942 |2 lcc  |c BK